Tenant representative process (Record no. 116110)
[ view plain ]
| 000 -LEADER | |
|---|---|
| fixed length control field | 01495cad a22002775a 4500 |
| 001 - CONTROL NUMBER | |
| control field | L159796 |
| 008 - FIXED-LENGTH DATA ELEMENTS--GENERAL INFORMATION | |
| fixed length control field | 150416s2016 xxk f 000 0 eng d |
| 020 ## - INTERNATIONAL STANDARD BOOK NUMBER | |
| International Standard Book Number | 9781783211357 |
| 035 ## - SYSTEM CONTROL NUMBER | |
| System control number | (Sirsi) u159796 |
| 041 0# - LANGUAGE CODE | |
| Language code of text/sound track or separate title | eng |
| 110 2# - MAIN ENTRY--CORPORATE NAME | |
| Corporate name or jurisdiction name as entry element | Royal Institution of Chartered Surveyors |
| 9 (RLIN) | 4900 |
| 245 00 - TITLE STATEMENT | |
| Title | Tenant representative process |
| Medium | [electronic resource] |
| Statement of responsibility, etc. | [archived] |
| 260 ## - PUBLICATION, DISTRIBUTION, ETC. | |
| Place of publication, distribution, etc. | London |
| Name of publisher, distributor, etc. | RICS |
| Date of publication, distribution, etc. | 2016 |
| 300 ## - PHYSICAL DESCRIPTION | |
| Extent | 14p. |
| 490 #0 - SERIES STATEMENT | |
| Series statement | RICS Guidance Note |
| 505 ## - FORMATTED CONTENTS NOTE | |
| Formatted contents note | Introduction -- Understanding the tenant?s requirements -- Going to market -- Analysis of responses and advice -- Negotiations and agreement -- Agreements for lease ? commercial premises |
| 520 ## - SUMMARY, ETC. | |
| Summary, etc. | Archived, Effective from 11 April 2016. |
| 520 ## - SUMMARY, ETC. | |
| Summary, etc. | Aims to assist practitioners in professionally advising their tenant clients. To professionally advise a client, every tenant advisor should clearly understand that client?s requirements before going to market - this entails both reviewing the client?s unique needs and asking questions based on a knowledge of other clients' experiences in the real estate market. The ability to assess the requirement correctly sets a qualified tenant advisor apart from other real estate professionals. |
| 650 24 - SUBJECT ADDED ENTRY--TOPICAL TERM | |
| Topical term or geographic name entry element | TENANTS |
| 650 24 - SUBJECT ADDED ENTRY--TOPICAL TERM | |
| Topical term or geographic name entry element | LEASES |
| 650 24 - SUBJECT ADDED ENTRY--TOPICAL TERM | |
| Topical term or geographic name entry element | REAL ESTATE MARKET |
| 651 #4 - SUBJECT ADDED ENTRY--GEOGRAPHIC NAME | |
| Geographic name | Australia |
| 690 ## - LOCAL SUBJECT ADDED ENTRY--TOPICAL TERM (OCLC, RLIN) | |
| Topical term or geographic name as entry element | Commercial property |
| 9 (RLIN) | 6227 |
| 856 41 - ELECTRONIC LOCATION AND ACCESS | |
| Uniform Resource Identifier | <a href="https://www.isurv.com/downloads/download/2044/tenant_representative_process">https://www.isurv.com/downloads/download/2044/tenant_representative_process</a> |
| Public note | Archived on isurv |
| 942 ## - ADDED ENTRY ELEMENTS (KOHA) | |
| Suppress in OPAC | 0 |
| Source of classification or shelving scheme | Dewey Decimal Classification |
| Withdrawn status | Lost status | Source of classification or shelving scheme | Damaged status | Not for loan | Home library | Current library | Shelving location | Date acquired | Total Checkouts | Full call number | Barcode | Date last seen | Copy number | Price effective from | Koha item type |
|---|---|---|---|---|---|---|---|---|---|---|---|---|---|---|---|
| Dewey Decimal Classification | Virtual | Virtual | Online | 05/01/2018 | iSurv | 159796-2001 | 28/04/2023 | 1 | 06/08/2019 | Book |